000 01172cam a2200277 4500
008 090401t1994 xxu||||| |||| 00| 0 eng d
020 _a1854313568
035 _a(Sirsi) u41293
041 _aeng
050 _a346.4104342
100 _aBridge, Stuart
245 _aResidential leases.
260 _aLondon
_bBlackstone Press Limited
_c1994
300 _axxv,299p. ; 22cm.
350 _a22.95
520 _aSets out the current law governing the security of tenure in both private and public sectors and the statutory rights of acquisition and enfranchisement. Includes a summary of the Leasehold Reform, Housing and Urban Development Act 1993 as well as earlier statutes relating to residential lettings.
650 _aASSURED TENANCIES
650 _aLEASEHOLD ENFRANCHISEMENT
650 _aLEASEHOLD REFORM, HOUSING AND URBAN DEVELOPMENT ACT 1993
650 _aREGULATED TENANCIES
650 _aRESIDENTIAL LEASES
650 _aPROPERTY-RESIDENTIAL PROPERTY-RESIDENTIAL LANDLORD AND TENANT-RESIDENTIAL TENANCIES
690 _aPROPERTY-RESIDENTIAL PROPERTY-RESIDENTIAL LANDLORD AND TENANT-RESIDENTIAL TENANCIES
942 _n0
948 _c04/03/1997
999 _c90917
_d90917